Le Néerlandais sans peine / (Record no. 172619)

MARC details
000 -LEADER
campo de control de longitud fija 00745nam a2200205 i 4500
001 - NÚMERO DE CONTROL
campo de control 172619
003 - IDENTIFICADOR DE NÚMERO DE CONTROL
campo de control ES-MaACL
005 - FECHA Y HORA DE LA ÚLTIMA TRANSACCIÓN
campo de control 20230906215002.0
008 - DATOS DE LONGITUD FIJA--INFORMACIÓN GENERAL
campo de control de longitud fija 090730s1953 be |||| | fre d
080 ## - NÚMERO DE LA CLASIFICACIÓN DECIMAL UNIVERSAL
Número de la Clasificación Decimal Universal 811.112.5
100 1# - ENTRADA PRINCIPAL--NOMBRE DE PERSONA
Nombre de persona Chérel, Alphonse.
9 (RLIN) 141125
245 13 - MENCIÓN DEL TÍTULO
Título Le Néerlandais sans peine /
Mención de responsabilidad, etc. A. Chérel ; Nouvelle orthographe par H. Opdebeek.
260 ## - PUBLICACIÓN, DISTRIBUCIÓN, ETC.
Lugar de publicación, distribución, etc. Paris ;
-- Bruxelles :
Nombre del editor, distribuidor, etc. Assimil,
Fecha de publicación, distribución, etc. [1953]
300 ## - DESCRIPCIÓN FÍSICA
Extensión VII, 439 p. :
Otras características físicas il. ;
Dimensiones 18 cm.
490 1# - MENCIÓN DE SERIE
Mención de serie Méthodes Assimil. Méthode quotidienne Assimil
650 #4 - PUNTO DE ACCESO ADICIONAL DE MATERIA--TÉRMINO DE MATERIA
Término de materia o nombre geográfico como elemento de entrada Lengua holandesa.
9 (RLIN) 14262
830 0# - PUNTO DE ACCESO ADICIONAL DE SERIE-TÍTULO UNIFORME
Título uniforme Méthodes Assimil. Méthode quotidienne Assimil
9 (RLIN) 223390
852 4# - LOCALIZACIÓN
Ubicación ES-MaACL
Número de control de estantería E-12908
itemnumber R.139436
Nota libre . - Biblioteca Jacinto Martínez Lacalle
Holdings
Estatus retirado Estado de pérdida Estado de daño No para préstamo Biblioteca de origen Biblioteca actual Ubicación en estantería Fecha de adquisición Fuente de adquisición Total de préstamos Signatura topográfica completa Código de barras Visto por última vez Precio de reemplazo Tipo de ítem Koha
        Biblioteca del Ateneo de Madrid Biblioteca del Ateneo de Madrid Depósito 2 30/07/2009     E-12908 1181148 23/02/2023 23/02/2023 Libro impreso